Vista normal
Vista MARC
Entrada Personal Name
Número de registros utilizados en: 2
001 - CONTROL NUMBER
- control field: 10
003 - CONTROL NUMBER IDENTIFIER
- control field: DO-SdBNP
005 - DATE AND TIME OF LATEST TRANSACTION
- control field: 20160725115127.0
008 - FIXED-LENGTH DATA ELEMENTS
- fixed length control field: 160725|| aca||aabn | a|a d
040 ## - CATALOGING SOURCE
- Original cataloging agency: DO-SdBNP
100 1# - HEADING--PERSONAL NAME
- Personal name: Schujer, Silvia
- Dates associated with a name: 1956-
670 ## - SOURCE DATA FOUND
- Source citation: EcuRed conocimiento con todos y para todos. Silvia Schujer
- Uniform Resource Identifier: http://www.ecured.cu/Silvia_Schujer